|
|
|
|
| LEADER |
00000nam0a2200000 4500 |
| 001 |
29491 |
| 005 |
20231030203503.0 |
| 010 |
|
|
|a 5932640065
|
| 035 |
|
|
|a (RuTPU)RU\TPU\book\29756
|
| 035 |
|
|
|a BOOK00000050
|
| 090 |
|
|
|a 29491
|
| 100 |
|
|
|a 20011209d1999 u y0rusy50 ca
|
| 101 |
0 |
|
|a rus
|
| 102 |
|
|
|a RU
|
| 105 |
|
|
|a 000ay
|
| 200 |
1 |
|
|a Дневники
|e В 2-х кн.; Contes d'amour (Дневник любовных историй); О бывшем; Литературный дневник; Синяя книга. Петербургский дневник
|f З. Н. Гиппиус
|h Кн. 1
|
| 210 |
|
|
|a Москва
|c Интелвак
|d 1999
|
| 215 |
|
|
|a 736 с.
|
| 327 |
1 |
|
|a Содерж.: Contes d'amour (Дневник любовных историй); О бывшем; Литературный дневник; Синяя книга. Петербургский дневник
|
| 610 |
1 |
|
|a дневники
|
| 610 |
1 |
|
|a мемуары
|
| 675 |
|
|
|a Р1
|v 3
|
| 700 |
|
1 |
|a Гиппиус
|g Зинаида Николаевна
|
| 801 |
|
0 |
|a RU
|b 63413507
|c 20011209
|g PSBO
|
| 942 |
|
|
|c BK
|